Německo a Amerika: Quo vadis?
Pozitívne a negatívne kapitoly v nemecko-amerických vzťahoch. Rozdielne stanoviská v oblasti bezpečnostnej politiky. Široké vrstvy nemeckej spoločnosti proti použitiu ozbrojených síl, ktoré by mali za úlohu viac, ako stabilizáciu situácie. Vplyv Európskej únie na nemeckú zahraničnú politiku. Možné...
Gespeichert in:
| 1. Verfasser: | |
|---|---|
| Format: | Buchkapitel |
| Sprache: | Tschechisch |
| Schlagworte: | |
| Tags: |
Keine Tags, Fügen Sie das erste Tag hinzu!
|
MARC
| LEADER | 00000naa$a2200000$$$4500 | ||
|---|---|---|---|
| 001 | 0036306 | ||
| 005 | 20231016092020.0 | ||
| 041 | 0 | |a cze | |
| 044 | |a CZ | ||
| 245 | 1 | 0 | |a Německo a Amerika: Quo vadis? |c Peter Schmidt |
| 520 | |a Pozitívne a negatívne kapitoly v nemecko-amerických vzťahoch. Rozdielne stanoviská v oblasti bezpečnostnej politiky. Široké vrstvy nemeckej spoločnosti proti použitiu ozbrojených síl, ktoré by mali za úlohu viac, ako stabilizáciu situácie. Vplyv Európskej únie na nemeckú zahraničnú politiku. Možné povolebné koalície a ich vzťah k USA. | ||
| 610 | 2 | 0 | |a politika zahraničná |
| 610 | 2 | 0 | |a politika medzinárodná |
| 610 | 2 | 0 | |a spolupráca cezhraničná |
| 610 | 2 | 0 | |a spolupráca hospodárska medzinárodná |
| 610 | 2 | 0 | |a bezpečnosť |
| 610 | 2 | 0 | |a sily ozbrojené |
| 610 | 2 | 0 | |a konflikty medzinárodné |
| 610 | 2 | 0 | |a strany politické |
| 610 | 2 | 0 | |a Nemecko |
| 610 | 2 | 0 | |a USA |
| 610 | 2 | 0 | |a Európska únia |
| 100 | 1 | |a Schmidt, Peter | |